In quale città è successo? #4 - Statistics

Statistiche generali
  • Questo quiz è stato fatto 106 volte
  • Il punteggio medio è 12 su 20
Statistiche sulle risposte
Data Evento Città % Corretto
387 a.C. Platone fonda l'Accademia Atene
92%
1683 Il re sole, Luigi XIV, inaugura la sua lussuosissima reggia Versailles
92%
1590 Galileo Galilei compie esperimenti sulla caduta dei corpi dalla torre della sua città Pisa
86%
33 In una collina presso questa città viene crocifisso Gesù di Nazaret Gerusalemme
85%
1848 La città insorge contro il dominio austriaco, riuscendo dopo cinque giornate di combattimenti a cacciare le truppe asburgiche Milano
85%
1851 Si tiene qui la prima esposizione universale della storia Londra
81%
1647 La città, guidata da Masaniello, insorge contro il governo spagnolo Napoli
81%
1957 Viene firmato il trattato che istituisce la Comunità Economica Europea Roma
81%
146 a.C. I legionari di Scipione Emiliano spargono il sale sulle rovine della città appena distrutta Cartagine
76%
2021 Dopo vent'anni, i talebani riconquistano la città in seguito al ritiro delle truppe NATO Kabul
76%
1918 Dopo oltre tre anni di guerra, le truppe italiane riescono a entrare in questa città "irredenta" Trieste
68%
1814-15 Le potenze europee si radunano qui per discutere il riassetto del continente dopo le guerre napoleoniche Vienna
65%
1220 L'imperatore Federico II di Svevia instaura qui la sua corte Palermo
62%
1755 La città viene distrutta da un violentissimo terremoto: i contemporanei ne furono molto colpiti Lisbona
41%
1940 Dalle spiagge di questa cittadina francese, l'esercito britannico viene evacuato via mare per evitare che venga distrutto dall'avanzata tedesca Dunkerque
35%
732 Nei pressi della città Carlo Martello sconfigge gli eserciti musulmani, scongiurando un'invasione araba dell'Europa Poitiers
35%
1258 Le orde mongole assediano e saccheggiano la città, distruggendo la sua grande biblioteca Baghdad
25%
1972 I soldati inglesi sparano su una folla di dimostranti, uccidendo quattordici persone: è la "domenica di sangue" (Bloody Sunday) Derry
22%
395 Il filosofo Agostino viene proclamato vescovo di questa città Ippona
20%
1454 Lorenzo de' Medici convince gli stati italiani a firmare un trattato di pace che porterà quarant'anni di serenità nella penisola Lodi
11%
Nessun quiz corrispondente trovato
Distribuzione punteggi
Percentuale di utenti per punteggio
Percentile per numero di risposta
I tuoi punteggi nel tempo
Non hai fatto questo quiz